| 000 | 01015cad a22002655a 4500 | ||
|---|---|---|---|
| 001 | E154119 | ||
| 008 | 111017s2011 xxk f 000 0 eng d | ||
| 020 | _a9780114973599 | ||
| 035 | _a(Sirsi) u154119 | ||
| 041 | 0 | _aeng | |
| 110 | 2 |
_aScottish Natural Heritage _92794 |
|
| 245 | 0 | 4 |
_aThe changing nature of Scotland _h[electronic resource] |
| 260 |
_aInverness _bScottish Natural Heritage _c2011 |
||
| 520 | _aLooks at how the Scottish natural and built environment is changing, and examines how this is being dealt with. | ||
| 590 | _aKA | ||
| 651 | 4 |
_aScotland _y1999- |
|
| 690 | _aENVIRONMENTAL AND LAND CONSULTANCY-LAND MANAGEMENT | ||
| 700 | 1 |
_aMarrs, Susan J. _eEditor |
|
| 700 | 1 |
_aFoster, Simon _eEditor |
|
| 700 | 1 |
_aHendrie, Catriona _eEditor |
|
| 700 | 1 |
_aMackey, Edward C. _eEditor |
|
| 700 | 1 |
_aThompson, Des B. A. _eEditor |
|
| 856 | 4 | 0 |
_uhttps://www.tsoshop.co.uk/parliament/bookstore.asp?Action=Book&ProductId=9780114973599 _zDownload sections of the book at www.tsoshop.co.uk |
| 942 | _n0 | ||
| 999 |
_c112852 _d112852 |
||